Le Onze de l'année des 5 dernières années - Statistiques

Statistiques générales
  • Ce quiz a été pris 123 fois
  • Le résultat moyen est 25 sur 38
Statistiques - réponses
Année Joueur % Correct
2021,2025 Gianluigi Donnarumma
100%
2022,2023 Kylian Mbappé
96%
2021,2022,2023 Lionel Messi
96%
2022,2025 Achraf Hakimi
94%
2025 Ousmane Dembélé
92%
2022,2023 Thibaut Courtois
89%
2025 Nuno Mendes
88%
2021 Cristiano Ronaldo
87%
2021,2022,2023,2024 Erling Haaland
87%
2024,2025 Lamine Yamal
87%
2025 Vitinha
87%
2022,2025 Virgil van Dijk
84%
2023,2024 Vinícius Júnior
81%
2024 Rodri
74%
2022 Luka Modrić
71%
2025 Willian Pacho
71%
2021 Robert Lewandowski
70%
2022 Karim Benzema
69%
2024 Dani Carvajal
68%
2025 Pedri
68%
2025 Raphinha
68%
2024 Emiliano Martínez
66%
2021,2022,2023 Kevin De Bruyne
63%
2023,2024 Jude Bellingham
62%
2024 Toni Kroos
62%
2024 Antonio Rüdiger
54%
2023 Bernardo Silva
54%
2021,2023,2024 Rúben Dias
52%
2024 William Saliba
47%
2021 N’Golo Kanté
46%
2021 Jorginho
44%
2023 Kyle Walker
40%
2025 Cole Palmer
38%
2022 Casemiro
30%
2021 David Alaba
27%
2023 John Stones
26%
2022 João Cancelo
21%
2021 Leonardo Bonucci
16%
Aucun quiz correspondant
Distribution des résultats
% des personnes avec chaque résultat
Percentile par nombre de réponses
Votre historique - résultats
Vous n’avez pas pris ce quiz